| 000 | 00975nas a2200289 4500 | ||
|---|---|---|---|
| 001 | BR0705011 | ||
| 003 | BR-BrBNA | ||
| 005 | 20231205111225.0 | ||
| 007 | ta | ||
| 008 | 230509b bl.|||p| |||| 00| 00por d | ||
| 040 |
_aBR-BrBNA _bpor _cBiblioteca Nacional de Agricultura |
||
| 041 | _a(Pt) | ||
| 072 | _aH10 | ||
| 100 | 1 | _aFernandes, M.G. | |
| 100 | 1 | _aBusoli, A.C. | |
| 100 | 1 | _aDegrande, P.E. | |
| 245 | 1 | _aParasitismo natural de ovos de Alabama argillacea Hub. e Heliothis virescens Fab. (Lep.: Noctuidae)por Trichogramma pretiosum Riley (Hym.: Trichogrammatidae)em algodoeiros no Mato Grosso do Sul | |
| 650 | _aALGODÃO | ||
| 650 | _aCURUQUERÊ | ||
| 650 | _aOVO | ||
| 650 | _aCONTROLE BIOLÓGICO | ||
| 650 | _aDOURADOS | ||
| 650 | _aMATO GROSSO DO SUL | ||
| 773 | 0 |
_tAnais da Sociedade Entomológica do Brasil (Brazil) _xISSN 0301-8059 _g(Dec 1999), v. 28(4) p. 695-701 _wBR0705011 |
|
| 909 |
_a202311 _bLúcia _c55 _dLúcia Elande |
||
| 942 |
_2AGRIS _n0 _cANA |
||
| 999 |
_c191453 _d191453 |
||